000 00762nam a22002177a 4500
999 _c7233
_d7233
001 7233
003 BD-JhCC
005 20180206170138.0
008 180206s1993 |||| |||| 00| 0 d
035 _a(BD-JhCC)7233
040 _aBD-JhCC
_dBD-JhCC
041 _aeng
082 _a954.92
_bCHO 1993
100 _aচৌধুরী, সিরাজুল ইসলাম
245 _aদ্বি-জাতি তত্ত্বের সত্য-মিথ্যা /
_cসিরাজুল ইসলাম চৌধুরী
260 _aঢাকা :
_bবিদ্যাপ্রকাশ,
_c১৯৯৩.
300 _a১০২ পৃ. :
_c২২ সেমি.
650 _aPolitics and Government
_zBangladesh
942 _2ddc
_cBK